Pyramidy bez záhad [1]

Bibliographic Details
Main Author: Richter, Johan (Author)
Format: Book
Language:Czech
PhysicalDescription:100 s. ilustr., sch. 21 cm
Published: Bratislava Eko-konzult c1998
ISBN:8088809401
Subjects:

MARC

LEADER 00000nam a2200000 a 4500
001 vtls001336167
003 SK-MaSNL
005 20260301114504.0
008 240314s1998 xo aa r y 0 cze
015 |a SNBA1998/11-04019 
020 |a 8088809401 
035 |a SNK000289150 
035 |a urn:nbn:sk:snk-amkhxs 
035 |a urn:nbn:sk:snk-am008gz4 
035 |a F8241AB4-ABAB-496D-AD8D-8304F863FC86 
040 |a SNK  |b slo  |c SNK  |e AACR2 
041 0 |a cze 
044 |a xo  |c SK 
080 |a 726.85:615.85  |2 1981 
080 |a 615.85  |2 1981 
100 1 |a Richter, Johan  |4 aut  |9 46541 
245 1 0 |a Pyramidy bez záhad  |n [1]  |c Johan Richter 
260 |a Bratislava  |b Eko-konzult  |c c1998 
300 |a 100 s.  |b ilustr., sch.  |c 21 cm 
500 |a Ilustr. na tit. strane 
504 |a Bibliogr. s. 100 
650 0 7 |a pyramídy egyptské  |x energia  |x využitie  |x výklady populárno-náučné  |2 SNK  |9 458039 
655 7 |a príručky  |2 SNK  |9 74364 
919 |a 80-88809-40-1 
958 |a TL 
958 |a NB 
958 |a CZ 
999 |c 718583  |d 720513 
952 |t P60, <03>, [BOOK], {603}  |a SNK  |b SNK  |y PREZ  |7 0  |p 17A0147951  |o snkSC 96289/1  |i snkKSP 7024/98  |0 0  |1 0  |4 0  |d 1998-07-07  |f 1  |l 0  |r 2025-09-16 00:00:00  |w 2026-02-23 
952 |t P60, <04>, [BOOK], {604}  |a SNK  |b SNK  |y VYP  |7 0  |p 17A0147950  |o snkSC 96289/1 D1  |i snkKSP 7025/98  |0 0  |1 0  |4 0  |d 1998-07-07  |l 0  |r 2005-01-02 00:00:00  |w 2026-02-23